000 00449nam a2200133 4500
999 _c13995
_d13995
008 190724b ||||| |||| 00| 0 eng d
082 _aDPer 050 T48 Apr-June 2016 v. 187 n. 12-24
100 _aLawrence, Jennifer.
_938943
245 _aAdele:
_binternational treasure/
_cJennifer Lawrence.
260 _aHong Kong:
_bTime Asia,
_cc2016.
300 _av187 n16-17, page 92:
_billustrations;
_c27 cm.
650 _aSingers.
_938944
942 _2ddc
_cPER